<?xml version="1.0" encoding="UTF-8"?>
<record
    xmlns:xsi="http://www.w3.org/2001/XMLSchema-instance"
    xsi:schemaLocation="http://www.loc.gov/MARC21/slim http://www.loc.gov/standards/marcxml/schema/MARC21slim.xsd"
    xmlns="http://www.loc.gov/MARC21/slim">

  <leader>02771nam a2200265Ia 4500</leader>
  <controlfield tag="003">OSt</controlfield>
  <controlfield tag="005">20210602180822.0</controlfield>
  <controlfield tag="008">210310q2010    sp ad  gr     000 0dspa d</controlfield>
  <datafield tag="020" ind1=" " ind2=" ">
    <subfield code="a">9788492735907</subfield>
  </datafield>
  <datafield tag="040" ind1=" " ind2=" ">
    <subfield code="a">CO-JMCR</subfield>
    <subfield code="c">CO-JMCR</subfield>
  </datafield>
  <datafield tag="041" ind1="0" ind2=" ">
    <subfield code="a">spa</subfield>
  </datafield>
  <datafield tag="082" ind1="0" ind2="4">
    <subfield code="a">333.7 /</subfield>
    <subfield code="b">L841a</subfield>
    <subfield code="2">23</subfield>
  </datafield>
  <datafield tag="100" ind1="1" ind2=" ">
    <subfield code="a">Lombardero Rodil, Jos&#xE9; Luis, </subfield>
    <subfield code="9">15813</subfield>
    <subfield code="e">autor</subfield>
  </datafield>
  <datafield tag="245" ind1="1" ind2="0">
    <subfield code="a">Auditor&#xED;as ambientales / </subfield>
    <subfield code="c">Jos&#xE9; Luis Lombardero Rodil, Eva Iglesias Guzm&#xE1;n, Federico Vel&#xE1;zquez de Castro, [1 y m&#xE1;s]</subfield>
  </datafield>
  <datafield tag="250" ind1=" " ind2=" ">
    <subfield code="a">3ra edici&#xF3;n</subfield>
  </datafield>
  <datafield tag="260" ind1=" " ind2=" ">
    <subfield code="a">Madrid : </subfield>
    <subfield code="b">Bureau Business Scholl, </subfield>
    <subfield code="c">[2010]</subfield>
  </datafield>
  <datafield tag="300" ind1=" " ind2=" ">
    <subfield code="a">375 p&#xE1;ginas : </subfield>
    <subfield code="b">ilustraciones y gr&#xE1;ficas a blanco y negro ; </subfield>
    <subfield code="c">23 cm.</subfield>
  </datafield>
  <datafield tag="500" ind1=" " ind2=" ">
    <subfield code="a">Incluye datos biogr&#xE1;ficos de los autores.</subfield>
  </datafield>
  <datafield tag="505" ind1="0" ind2=" ">
    <subfield code="a">Gesti&#xF3;n ambiental -- Sistema de gesti&#xF3;n ambiental ISO 140001 --Requisitos generales y pol&#xED;tica -- Planificaci&#xF3;n de la implantaci&#xF3;n -- Implementaci&#xF3;n y operaci&#xF3;n de SGA -- Verificaci&#xF3;n y revisi&#xF3;n por la direcci&#xF3;n -- Auditorias ambientales -- Normativa aplicable al proceso de auditoria -- Perfil del auditor seg&#xFA;n ISO 19011 -- Planificaci&#xF3;n y reparaci&#xF3;n de la auditoria -- Proceso de auditoria -- Informe y seguimiento de la auditor&#xED;a</subfield>
  </datafield>
  <datafield tag="520" ind1="3" ind2=" ">
    <subfield code="a">En los &#xFA;ltimos a&#xF1;os, el elevado incremento tanto en n&#xFA;mero como en complejidad de disposiciones legales en 
materia de Medio Ambiente, un mercado cada vez m&#xE1;s competitivo y el aumento de la concienciaci&#xF3;n social, han convertido la Gesti&#xF3;n Ambiental en una exigencia indispensable para la supervivencia de las empresas.
El conjunto de actividades que conforman la Gesti&#xF3;n Ambiental en una Organizaci&#xF3;n tiene como objetivo controlar sus operaciones en lo relativo al Medio Ambiente, partiendo de un escal&#xF3;n inicial de aseguramiento del cumplimiento de los requisitos legales, tan amplios en materia, a metas m&#xE1;s altas, como la implantaci&#xF3;n de un Sistema de Gesti&#xF3;n Ambiental, que capacite a la organizaci&#xF3;n a alcanzar el nivel de desempe&#xF1;o ambiental por ella misma propuesto y atender a la presi&#xF3;n social cada d&#xED;a m&#xE1;s exigente con la conservaci&#xF3;n del Medio Ambiente.
Las Auditorias Ambientales son, cada vez m&#xE1;s, herramientas de amplia aplicaci&#xF3;n tanto para el autodiagn&#xF3;stico de la Gesti&#xF3;n Ambiental de las Organizaciones como para el reconocimiento por una Entidad de Certificaci&#xF3;n que conduzca a la obtenci&#xF3;n de un certificado que acredite su conformidad con los requisitos establecidos por est&#xE1;ndares promovidos por diferentes agentes, desde la Uni&#xF3;n Europea hasta las Organizaciones Internacionales, teniendo especial relevancia la Norma Internacional ISO 14001.</subfield>
  </datafield>
  <datafield tag="650" ind1="1" ind2="4">
    <subfield code="a">Auditor&#xED;a ambiental</subfield>
    <subfield code="9">15815</subfield>
    <subfield code="x">Normas</subfield>
  </datafield>
  <datafield tag="700" ind1="1" ind2=" ">
    <subfield code="a">Iglesias Guzm&#xE1;n, Eva, </subfield>
    <subfield code="e">autora</subfield>
    <subfield code="9">38048</subfield>
  </datafield>
  <datafield tag="700" ind1="1" ind2=" ">
    <subfield code="a">Vel&#xE1;zquez de Castro, Federico, </subfield>
    <subfield code="e">autor</subfield>
    <subfield code="9">38049</subfield>
  </datafield>
  <datafield tag="942" ind1=" " ind2=" ">
    <subfield code="2">ddc</subfield>
    <subfield code="c">BK</subfield>
  </datafield>
  <datafield tag="999" ind1=" " ind2=" ">
    <subfield code="c">7917</subfield>
    <subfield code="d">7917</subfield>
  </datafield>
  <datafield tag="952" ind1=" " ind2=" ">
    <subfield code="0">0</subfield>
    <subfield code="1">0</subfield>
    <subfield code="2">ddc</subfield>
    <subfield code="4">0</subfield>
    <subfield code="7">0</subfield>
    <subfield code="8">NFIC</subfield>
    <subfield code="a">CPL</subfield>
    <subfield code="b">CPL</subfield>
    <subfield code="d">2018-04-15</subfield>
    <subfield code="e">Donaci&#xF3;n</subfield>
    <subfield code="o">333.7 / L841a</subfield>
    <subfield code="p">430004368</subfield>
    <subfield code="r">2024-05-16 00:00:00</subfield>
    <subfield code="t">Ej.1</subfield>
    <subfield code="y">BK</subfield>
  </datafield>
</record>
